00834cam a22002537a 450000500170000000800410001701000100005801100100006803500100007809000100008810000310009824500730012926000410020230000100024350200750025359000370032859000410036559000410040659000410044759000420048890100070053090500260053799900170056320220329141920.0980602d1998 mx r 00110 spa d a75664 a76636 a86222 aTesis00aRíos Cruz, Jorge.99918910aUso del nescafé en las regiones tropicalesc/por Jorge Ríos Cruz aChapingo, Méx. :bEl autor,c1998. a41 h. aTesis (Ing. Agr. Esp. en Zootecnia) -- UACH. Departamento de Zootecnia aALEPHb10c20130110lUCH01h1424 aBATCH-UPDb10c20130110lUCH01h2349 aBATCH-UPDb10c20130410lUCH01h1636 aBATCH-UPDb10c20130914lUCH01h2145 aCONVERSIONb10c20130109lUCH01h1341 aBK aAlejandra Carrasco M. c75664d75664